Geography Groups - Statistics

General Stats
  • This quiz has been taken 1,325 times
  • The average score is 27 of 31
Answer Stats
Hint Answer % Correct
Countries that start with O Oman
98%
Four Letter Countries Oman
98%
Countries that start with Q Qatar
98%
Countries that start with Z Zimbabwe
98%
Countries that start with Y Yemen
97%
Countries that start with Z Zambia
97%
European Microstates Vatican City
96%
European Microstates San Marino
95%
European Microstates Monaco
94%
European Microstates Andorra
93%
European Microstates Liechtenstein
93%
US States that end in S Kansas
87%
Great Lakes Michigan
86%
US States that end in S Texas
86%
US States that end in S Arkansas
85%
Great Lakes Erie
84%
Four Letter Countries Chad
83%
European Microstates Malta
83%
Great Lakes Superior
82%
Four Letter Countries Peru
81%
Four Letter Countries Laos
80%
Four Letter Countries Fiji
79%
Four Letter Countries Iran
78%
Four Letter Countries Iraq
78%
Four Letter Countries Mali
78%
Great Lakes Huron
77%
Great Lakes Ontario
77%
Four Letter Countries Togo
76%
US States that end in S Illinois
75%
US States that end in S Massachusetts
74%
Four Letter Countries Cuba
67%
No matching quizzes found
Score Distribution
Percent of People with Each Score
Percentile by Number Answered
Your Score History
You have not taken this quiz